Nejkrásnější písničky

Hlavní autor: Hannig, Petr, 1946-2025
Jazyk: Čeština
Vydáno: [Praha] : Maximum, p1994
Témata:
Fyzický popis: 1 zvuková deska : digital ; 12 cm
Zvukové nahrávky
Uloženo v:
LEADER 01309njm a2200325 a 4500
001 000927860
003 CZ BrMZK
005 20090210141809.0
007 sd fsngnnmmned
008 090123s1994 xr ppn g cze d
028 3 1 |a HG 0003-2 231  |b Maximum 
040 |a BOA001  |b cze 
048 |a od  |b vu 
072 7 |a 784  |x Vokální hudba  |2 Konspekt  |9 9 
080 |a 784.4  |2 MRF 
080 |a (086.76)  |2 MRF 
100 1 |a Hannig, Petr,  |d 1946-2025  |7 jn20010310404  |4 cmp  |4 sng 
245 1 0 |a Nejkrásnější písničky  |h [zvukový záznam] 
260 |a [Praha] :  |b Maximum,  |c p1994 
300 |a 1 zvuková deska :  |b digital ;  |c 12 cm 
500 |a Kompaktní deska 
505 0 0 |t Domů k mámě --  |t Léta --  |t Studený den končí --  |t Promiňte omyl --  |t Dávno tě znám --  |t Poslední tramvaj --  |t Dívka z heřmánkové návsi --  |t Mám už dávno jinou --  |t Říkal jí, holčičko --  |t Poslední závod --  |t Kde stárnou naše lásky --  |t Epilog -- 
511 0 |a Zpívá Petr Hannig 
518 |a Nahráno ve studiu Largo, září 1994 
650 0 7 |a populární písně  |7 ph124354  |y 1991-2000  |2 czenas 
655 7 |a kompaktní desky  |7 fd201991  |2 czenas 
910 |a BOA001  |b CD-0015.026 
990 |a AV 
991 |b 200902 
996 6 |b 261H016687  |c CD-0015.026  |l MZK  |r Sklad / do 24 hodin  |n 0  |w 000927860  |u 000010  |a 1  |e BOA001  |j MZK50  |s P